000 00807nam a2200241Ia 4500
008 100315s9999 xx 000 0 und d
020 _a0852260768 
040 _cENGLISH 
082 _b9675 
_a338.5 
100 _a"Barthwal, R.R. "
245 _aIndustrial Economics : An Indroductory Text Book
260 _aNEW DELHI 
_bWiley Eastern Limited  
_c1984 
300 _a416 
365 _eRupees 
_d
_b26.00 
366 _f
505 _gVaibhav Gaikwad 
530 _bDonated By RBI Library  
620 _a"Industrial Economics : An Indroductory Text Book, Industrial Economics, RBI Book "
630 _aIndustrial Economics : An Indroductory Text Book
650 _aIndustrial Economics 
730 _aIndustrial Economics : An Indroductory Text Book
942 _cBOOK
999 _c484409
_d484406